元素記号とAdobe CCに共通するアルファベット2文字 - Statistics

General Stats
  • This quiz has been taken 39 times
  • The average score is 3 of 6
Answers on the Grid
Answers color-coded by a green-red scale on the quiz's grid according to % correct below.
An
Ar
Au
Be
Dn
Fr
Ir
Lr
Me
Os
Pr
Ru
Sp
Zr
 
Answer Stats
Answer % Correct
Ar
64%
Pr
61%
Au
42%
Lr
33%
Ru
30%
Fr
24%
No matching quizzes found
Score Distribution
Percent of People with Each Score
Percentile by Number Answered
Your Score History
You have not taken this quiz